Control engineering : (Record no. 68132)

000 -LEADER
fixed length control field 00452nam a22001697a 4500
003 - CONTROL NUMBER IDENTIFIER
control field NUST - PNEC
005 - DATE AND TIME OF LATEST TRANSACTION
control field 20170116181042.0
008 - FIXED-LENGTH DATA ELEMENTS--GENERAL INFORMATION
fixed length control field 150922b xxu||||| |||| 00| 0 eng d
020 ## - INTERNATIONAL STANDARD BOOK NUMBER
International Standard Book Number 8120319540
040 ## - CATALOGING SOURCE
Transcribing agency LIBRARY
082 ## - DEWEY DECIMAL CLASSIFICATION NUMBER
Classification number 629.8312 BAN
100 ## - MAIN ENTRY--PERSONAL NAME
9 (RLIN) 8384
Personal name Bandyopadhyay, M.N.
245 ## - TITLE STATEMENT
Title Control engineering :
Remainder of title theory and practice
Statement of responsibility, etc. M.N. Bandyopadhyay
260 ## - PUBLICATION, DISTRIBUTION, ETC.
Date of publication, distribution, etc. c 2003
650 ## - SUBJECT ADDED ENTRY--TOPICAL TERM
9 (RLIN) 7706
Topical term or geographic name entry element Automatic control
General subdivision ME
942 ## - ADDED ENTRY ELEMENTS (KOHA)
Source of classification or shelving scheme
Koha item type Book
Holdings
Withdrawn status Lost status Source of classification or shelving scheme Damaged status Not for loan Permanent Location Current Location Shelving location Date acquired Total Checkouts Full call number Barcode Date last seen Price effective from Koha item type
          Pakistan Navy Engineering College (PNEC) Pakistan Navy Engineering College (PNEC)       629.8312 BAN PNECLIB-026768 09/22/2015   Book
© 2023 Central Library, National University of Sciences and Technology. All Rights Reserved.